书目信息 |
| 题名: |
英美外刊超精读
|
|
| 作者: | 丁晓钟 主编 | |
| 分册: | ||
| 出版信息: | 哈尔滨工程大学出版社 |
|
| 页数: | 314页 | |
| 开本: | 20cm | |
| 丛书名: | ||
| 单 册: | ||
| 中图分类: | H319.4 | |
| 科图分类: | ||
| 主题词: | 英语 | |
| 电子资源: | ||
| ISBN: | 7-81133-791-6 | |
| 000 | 00546nam0 2200181 450 | |
| 001 | 1437632606 | |
| 005 | 20141014102808.85 | |
| 010 | @a7-81133-791-6@dCNY52.00 | |
| 100 | @a20141014d km y0chiy0120 ea | |
| 101 | 0 | @achi |
| 200 | 1 | @a英美外刊超精读@Aying mei wai kan chao jing du@f丁晓钟主编@Fding xiao zhong zhu bian |
| 210 | @c哈尔滨工程大学出版社 | |
| 215 | @a314页@d20cm | |
| 606 | 0 | @a英语 |
| 690 | @aH319.4@v4 | |
| 701 | 0 | @a丁晓钟@Ading xiao zhong@4主编 |
| 801 | 0 | @aCN@b大连网信软件有限公司图书馆·11@c20141014 |
| 905 | @aZUCC@dH319.4@eD589 | |
| 英美外刊超精读/丁晓钟主编.-哈尔滨工程大学出版社 |
| 314页;20cm |
| ISBN 7-81133-791-6:CNY52.00 |
| ● |
| 相关链接 |
|
|
|
正题名:英美外刊超精读
索取号:H319.4/D589
 
预约/预借
| 序号 | 登录号 | 条形码 | 馆藏地/架位号 | 状态 | 备注 |
| 1 | 494535 | 204945355 | 语言库209/209语言库 44排6列6层/ [索取号:H319.4/D589] | 在馆 |